000 00386nam a2200145Ia 4500
008 230711s9999||||xx |||||||||||||| ||und||
041 _aENG
082 _a621.3
_bCA-E
100 _aCadd Center Traning Prt
245 0 _aElectrical cadd reference guide
250 _a2000 Ed.
260 _c2000
_aNew Delhi
_bCadd Center Traning Pvt Ltd
650 _aElectrical Engineering
942 _cBK
999 _c4032
_d4032